Pracujeme s počítačom dištančný kurz ďalšieho vzdelávania 1

Bibliographic Details
Format: Book
Language:Slovak
PhysicalDescription:1 elektronický optický disk (CD-ROM)
Published: Košice Technická univerzita 1998
ISBN:8070996749
Subjects:

MARC

LEADER 00000nam a2200000 a 4500
001 vtls001436214
003 SK-MaSNL
005 20260302035644.0
008 130607s1998 xo 0 slo
015 |a SNBS2002/03-01003 
020 |a 8070996749 
035 |a SNK000391313 
040 |a SNK  |b slo  |c SNK  |e AACR2 
044 |a xo  |c SK 
080 |a 681.3(086.86)  |2 1981 
245 1 |a Pracujeme s počítačom  |h elektronický zdroj  |b dištančný kurz ďalšieho vzdelávania  |n 1 
256 |a Počítačové dáta 
260 |a Košice  |b Technická univerzita  |c 1998 
300 |a 1 elektronický optický disk (CD-ROM) 
500 |a Elektronické dokumenty 
650 0 7 |a počítače  |x obsluha  |x dokumenty elektronické  |2 SNK  |9 527892 
655 7 |a elektronické dokumenty  |2 SNK  |9 70518 
919 |a 80-7099-674-9 
999 |c 1071521  |d 1073451 
952 |t P60, <03>, [BOOK], {603}  |a SNK  |b SNK  |y PREZ  |7 0  |p 17A0347703  |o snkSCDM 209/1  |i snkJK 400/2002  |0 0  |1 0  |4 0  |d 2002-06-13  |l 0  |r 2005-01-02 00:00:00  |w 2026-02-24